| 000 | 01358nam a2200361 c 4500 | ||
|---|---|---|---|
| 003 | BLK | ||
| 005 | 20250724085958.0 | ||
| 008 | 180408b bul|||||r ||||||| ||bul|| | ||
| 010 | _aKNG00093147000 | ||
| 020 |
_a978-954-769-278-7 _bиздат.: Обсидиан |
||
| 040 | _aBLK | ||
| 041 |
_aBUL _cBUL |
||
| 072 | 7 |
_2bullib _aН83 _xЧужда художествена литература Н |
|
| 080 |
_aАнглийска литература _b821.111 _x-312.4 _z821.111-312.4 |
||
| 100 | 1 |
_aЧайлд, Лий _eпърви автор _gГрант, Джим _9262814 |
|
| 700 | 1 |
_aЛаптев, Веселин Иванов _eпрев. от англ. _9364314 |
|
| 139 |
_aЧайлд, Лий _bЧ 16 |
||
| 245 | 1 | 0 |
_aАферата _bРоман _cЛий Чайлд; прев. от англ. Веселин Иванов Лаптев. |
| 257 | _aGBR | ||
| 260 |
_аСофия _bОбсидиан _c2011 _fВ. Търново : Абагар |
||
| 300 |
_a416 с. _c20 см |
||
| 380 | _aX | ||
| 500 | _aОриг. загл. The Affair / Lee Child. | ||
| 653 | _aкрими | ||
| 653 | _aромани | ||
| 659 | _aН | ||
| 852 | _aЦб 254711 | ||
| 856 | 4 |
_qpdf _u |
|
| 856 | 4 |
_qpdf _u |
|
| 942 |
_cKNG _n0 _091 |
||
| 944 |
_aCR _c04.04.2012 _lМинев Младен _k30530 |
||
| 944 |
_aED _c19.02.2016 _lф / _kВиолета_Тройчева |
||
| 999 |
_c88479 _d88479 |
||